| 000 | 00404nam a22001697a 4500 | ||
|---|---|---|---|
| 003 | SGT | ||
| 020 | _a9781118913499 | ||
| 082 |
_a617.645 _bP17K |
||
| 100 | _aKoch, Goran... [et. al.] | ||
| 245 | _aPediatric Dentistry : A Clinical Approach | ||
| 250 | _a3rd | ||
| 260 |
_bWiley Blackwell _c2017 |
||
| 300 | _a390 | ||
| 650 | _aPediatric Dentistry | ||
| 653 | _aPediatric Dentistry | ||
| 942 |
_2ddc _cBK |
||
| 999 |
_c22725 _d22725 |
||